[Event "BCF-chT1a 0809 (4NCL)"]
[Site "England"]
[Date "2008.10.05"]
[Round "2.7"]
[White "Franklin, Michael J"]
[Black "Cooksey, Paul S"]
[Result "1/2-1/2"]
[WhiteElo "2232"]
[BlackElo "2304"]
[PlyCount "42"]
[EventDate "2008.10.04"]
[EventType "team-tourn"]
[EventRounds "7"]
[EventCountry "ENG"]
[SourceTitle "CBM 126 Extra"]
[Source "ChessBase"]
[SourceDate "2008.11.05"]
[SourceVersion "1"]
[SourceVersionDate "2008.11.05"]
[SourceQuality "1"]
[WhiteTeam "Richmond"]
[BlackTeam "Guildford II"]
[WhiteTeamCountry "ENG"]
[BlackTeamCountry "ENG"]

1. d4 d5 2. Nf3 c6 3. e3 Bg4 4. Nbd2 Nd7 5. Be2 e6 6. c3 Ngf6 7. Qc2 Bd6 8. e4 dxe4 9. Nxe4 Nxe4 10. Qxe4 Nf6 11. Qc2 Qc7 12. h3 Bh5 13. Bd2 Nd5 14. Ng1 Bg6 15. Bd3 0-0 16. Ne2 e5 17. 0-0 Rfe8 18. dxe5 Bxe5 19. Bxg6 hxg6 20. Rfe1 Re7 21. Kf1 Rae8 1/2-1/2

[Event "Coulsdon-B"]
[Site "Coulsdon"]
[Date "2007.12.20"]
[Round "6"]
[White "Cooksey, Paul S"]
[Black "Briscoe, Christopher"]
[Result "1/2-1/2"]
[WhiteElo "2245"]
[BlackElo "2273"]
[PlyCount "75"]
[EventDate "2007.12.17"]
[EventType "tourn"]
[EventRounds "9"]
[EventCountry "ENG"]
[EventCategory "1"]
[SourceTitle "CBM 121 Extra"]
[Source "ChessBase"]
[SourceDate "2008.01.10"]
[SourceVersion "1"]
[SourceVersionDate "2008.01.10"]
[SourceQuality "1"]

1. d4 Nf6 2. Bg5 e6 3. Nd2 d5 4. e3 Nbd7 5. f4 Be7 6. Bd3 c5 7. c3 Qc7 8. Ngf3 Rb8 9. Qe2 b5 10. 0-0 b4 11. c4 0-0 12. Ne5 Bb7 13. Rac1 Nxe5 14. fxe5 Ne4 15. Bxe7 Qxe7 16. cxd5 Nxd2 17. Qxd2 cxd4 18. exd4 Bxd5 19. Rc5 f6 20. Qf4 Qb7 21. Rb5 Qc7 22. Rc1 Qd8 23. Rbc5 fxe5 24. Qxe5 Qf6 25. Qxf6 Rxf6 26. Rc8+ Rf8 27. R8c7 a5 28. R1c5 Rf4 29. Rxa5 Rxd4 30. Be2 Be4 31. Rc4 Rbd8 32. Re5 Rxc4 33. Bxc4 Rd1+ 34. Kf2 Bd5 35. Bxd5 exd5 36. a3 bxa3 37. bxa3 Ra1 38. Rxd5 1/2-1/2